Consommation d'eau par région de France - Statistiques

Statistiques générales
  • Ce quiz a été pris 16 fois
  • Le résultat moyen est 2 sur 13
Statistiques - réponses
Hint Réponse % Correct
Bretagne 46,58
36%
Provence-Alpes-Côte d'Azur 61,65
36%
Normandie 47,52
27%
Hauts-de-France 45,66
18%
Occitanie 55,36
18%
Bourgogne-Franche-Comté 53,41
9%
Corse 59,85
9%
Grand Est 49,45
0%
Pays-de-la-Loire 51,26
0%
Ile-de-France 53,13
0%
Auvergne-Rhône-Alpes 53,19
0%
Nouvelle Aquitaine 54,05
0%
Centre-Val-de-Loire 55,17
0%
Aucun quiz correspondant
Distribution des résultats
% des personnes avec chaque résultat
Percentile par nombre de réponses
Votre historique - résultats
Vous n’avez pas pris ce quiz